Maxwell's guide to authority work (Record no. 56442)
[ view plain ]
| 000 -LEADER | |
|---|---|
| fixed length control field | 00615nam a2200193 a 4500 |
| 005 - DATE AND TIME OF LATEST TRANSACTION | |
| control field | 200902210153555.7 |
| 008 - FIXED-LENGTH DATA ELEMENTS--GENERAL INFORMATION | |
| fixed length control field | 960221s1955 dcuabcdjdbkoqu001 0deng d |
| 080 ## - UNIVERSAL DECIMAL CLASSIFICATION NUMBER | |
| Universal Decimal Classification number | 025.4.02 |
| Item number | MAX |
| 100 ## - MAIN ENTRY--PERSONAL NAME | |
| Personal name | Maxwell, Robert L |
| 245 ## - TITLE STATEMENT | |
| Title | Maxwell's guide to authority work |
| 300 ## - PHYSICAL DESCRIPTION | |
| Extent | xii,275p. |
| 653 ## - INDEX TERM--UNCONTROLLED | |
| Uncontrolled term | Authority files (information retrieval) |
| 942 ## - ADDED ENTRY ELEMENTS (KOHA) | |
| item type | Books |
| 260 ## - PUBLICATION, DISTRIBUTION, ETC. (IMPRINT) | |
| Place of publication, distribution, etc | New Delhi |
| Name of publisher, distributor, etc | Ess Ess Publicaions |
| Date of publication, distribution, etc | 2009 |
| 500 ## - GENERAL NOTE | |
| General note | |
| 020 ## - INTERNATIONAL STANDARD BOOK NUMBER | |
| International Standard Book Number | 9788170005667 |
| 260 ## - PUBLICATION, DISTRIBUTION, ETC. (IMPRINT) | |
| -- | 13386 |
| 003 - CONTROL NUMBER IDENTIFIER | |
| control field | ViArRB |
| Lost status | Source of classification or shelving scheme | Not for loan | Home library | Current library | Shelving location | Date acquired | Total Checkouts | Full call number | Barcode | Date last seen | Price effective from | Koha item type |
|---|---|---|---|---|---|---|---|---|---|---|---|---|
| Universal Decimal Classification | University Library | University Library | General Stacks | 16/06/2010 | 025.4.02 MAX | 00063757 | 16/06/2010 | 16/06/2010 | Books |
